Star Wars Trivia- HARD - Statistics

General Stats
  • This quiz has been taken 78 times
  • The average score is 9 of 16
Answer Stats
Hint Answer % Correct
The home planet of Darth Maul's species. Dathomir.
82%
The creatures they ride on Hoth Tauntaun
79%
Mando's real name Din Djarin
78%
Boss _ (think Jar Jar's superior) Nass
75%
He took over Mandalore in the Clone Wars. Darth Maul
73%
What species is the character above? Gungan
73%
The planet Sidious uses to build his fleet of Star Destroyers in Rise of Skywalker Exegol
70%
Clone girl in Bad Batch Omega
69%
Han's girlfriend in Solo. Qi'ra
63%
Species of pink girl above Twi'lek
54%
The person above's crime syndicate. Crimson Dawn.
48%
_ E. Warrick Wicket
45%
Pink girl in Darth Maul Shadow Lord Devon
43%
Unkar _ (Think Jakku) Plutt
43%
The battle where the empire was defeated- Battle of _ (HINT: Part of the answer was mentioned earlier) Battle of Jakku
39%
Name of the mandalorian organization that Mando is a part of. Children of the Watch.
13%
No matching quizzes found
Score Distribution
Percent of People with Each Score
Percentile by Number Answered
Your Score History
You have not taken this quiz